| 000 | 00410nam a2200157Ia 4500 | ||
|---|---|---|---|
| 008 | 230711s9999||||xx |||||||||||||| ||und|| | ||
| 041 | _aENG | ||
| 082 |
_a624 _bAN-P |
||
| 100 | _aAngerbauer,George J | ||
| 245 | 0 | _aPrinciples of DC and AC circuits | |
| 250 | _a2nd Ed. | ||
| 260 |
_c1988 _aNew Delhi _bCBS Publishers & Distributors Pvt.Ltd |
||
| 300 | _a732 | ||
| 650 | _aElectrical Engineering | ||
| 942 | _cBK | ||
| 999 |
_c1909 _d1909 |
||